000 00523nam a2200229Ia 4500
003 OSt
005 20220924142808.0
006 a|||||r|||| 00| 0
007 ta
008 ASM
024 _a303324
037 _cTextual
040 _aARTS
_cARTS
_bASM
041 _2ASM
_aASM
082 _aB94:6, 158N3
100 _aMedhi
_9214079
245 0 _aMahakasata pranar sandhan
260 _c1993
650 _aMATHEMATICS
_92141
942 _hB94:6, 158N3
_cTEXL
_2CC
999 _c451984
_d451984